| 000 | 01504nam a2200397Ii 4500 | ||
|---|---|---|---|
| 001 | DIGANT0006 | ||
| 003 | NyNyDIG | ||
| 006 | m o d | ||
| 007 | cr ||||||||||| | ||
| 008 | 100325s1993 sp ob 001 0 spa d | ||
| 020 | _z8476583796 | ||
| 020 | _z9788476583791 | ||
| 035 | _a(OCoLC)614970220 | ||
| 040 |
_aDGITA _beng _epn _cDGITA |
||
| 050 | 1 | 4 | _aPQ6428 eBook |
| 100 | 1 | _aMárquez Villanueva, Francisco. | |
| 245 | 1 | 0 |
_aOrígenes y sociología del tema celestinesco / _cFrancisco Márquez Villanueva. |
| 250 | _a1a ed. | ||
| 264 | 1 |
_aBarcelona : _bAnthropos, Editorial del Hombre, _c1993. |
|
| 300 | _a1 online resource (232 pages) | ||
| 336 |
_atext _btxt _2rdacontent |
||
| 337 |
_acomputer _bc _2rdamedia |
||
| 338 |
_aonline resource _bcr _2rdacarrier |
||
| 490 | 1 |
_aColección Hispanistas ; Creación, Pensamiento, Sociedad ; _v2 |
|
| 504 | _aIncludes bibliographical references (p. 193-220) and index. | ||
| 600 | 1 | 0 |
_aRojas, Fernando de, _dd. 1541. _tCelestina. |
| 650 | 0 |
_aSpanish literature _yClassical period, 1500-1700 _xHistory and criticism. |
|
| 650 | 1 | 7 |
_aTragicomedia de Calixto y Melibea (anoniem) _2gtt |
| 655 | 0 | _aElectronic books. | |
| 791 | 2 |
_aDigitalia (Firm), _edistributor. |
|
| 793 | 0 |
_gDigitalia eBook Collection: _aAnthropos |
|
| 830 | 0 |
_aColección Hispanistas (Anthropos, Editorial del Hombre) ; _v2. |
|
| 856 | 4 | 0 |
_3Digitalia Hispánica _uhttps://www.digitaliapublishing.com/a/150/ |
| 910 | _aPremium Collection: 2007-2012 | ||
| 942 | _cRAA | ||
| 999 |
_c229246 _d229246 |
||